Zvládanie kritiky

Kritika nie je osobný útok. Ako zvládnuť kritiku. Zásady, ktoré je dobré dodržiavať pri rekcii na kritiku. Sebakritika. Zásady pri kritizovaní druhých.

Enregistré dans:
Détails bibliographiques
Auteur principal: Jarošová, Jana
Format: Chapitre de livre
Langue:slovaque
Sujets:
Tags: Ajouter un tag
Pas de tags, Soyez le premier à ajouter un tag!

MARC

LEADER 00000naa a2200000 4500
001 0212062
005 20231120135623.7
041 0 |a slo 
044 |a SK 
245 1 0 |a Zvládanie kritiky  |c Jana Jarošová 
520 |a Kritika nie je osobný útok. Ako zvládnuť kritiku. Zásady, ktoré je dobré dodržiavať pri rekcii na kritiku. Sebakritika. Zásady pri kritizovaní druhých. 
610 2 0 |a hodnotenie pracovníkov 
610 2 0 |a kritika 
610 2 0 |a väzba spätná 
100 1 |a Jarošová, Jana